[Event "Challenge"]
[Site "http://www.queenalice.com/game.php?id=328594"]
[Date "2007.12.31"]
[Round "-"]
[White "Niinee"]
[Black "Harama"]
[Result "0-1"]
[WhiteElo "1100"]
[BlackElo "1351"]

1. d4 d5 2. b3 Nc6 3. c3 f5 4. Na3 e6 5. Bg5 Qxg5 6. g3 Bxa3 7. Bg2 Bb2 8. Rb1
Bxc3+ 9. Kf1 Bxd4 10. Nh3 Qg4 11. Rc1 e5 12. Bxd5 Qxh3+ 13. Ke1 Nb4 14. Bf3 Nxa2
15. Bh5+ Qxh5 16. b4 Nxb4 17. h3 Ne7 18. Rb1 Nec6 19. Rf1 Qxh3 20. Rg1 Bc5 21.
Qd2 Na5 22. f3 Bxg1 23. Qxb4 Nc6 24. Qa4 Qxg3+ 25. Kd1 f4 26. Rc1 Bd7 27. Rc2
Rd8 28. e4 Nd4 29. Qc4 Bb5 30. Qc5 Nxc2+ 31. Kc1 Bxc5 32. Kxc2 Qxf3 33. Kb2 Bd4+
34. Kc1 Bd3 35. Kd2 Qe3+ 36. Kd1 Qe2+ 37. Kc1 Be3# 0-1

[Event "Challenge"]
[Site "http://www.queenalice.com/game.php?id=329511"]
[Date "2008.1.2"]
[Round "-"]
[White "Niinee"]
[Black "sapo"]
[Result "0-1"]
[WhiteElo "1008"]
[BlackElo "1500"]

1. c4 e5 2. e4 Nf6 3. g3 Nxe4 4. b3 Bb4 5. Nf3 Nc6 6. Bh3 O-O 7. Bf5 d5 8. O-O
Bxf5 9. Nxe5 Nxe5 10. Qe2 Bh3 11. Re1 Bc5 12. Qh5 Bxf2+ 13. Kh1 Bg4 14. Rd1 Bxh5
15. cxd5 Qxd5 16. Ba3 Nxd2# 0-1

[Event "Challenge"]
[Site "http://www.queenalice.com/game.php?id=330072"]
[Date "2008.1.3"]
[Round "-"]
[White "Niinee"]
[Black "LeandroFreitas"]
[Result "0-1"]
[WhiteElo "1026"]
[BlackElo "1500"]

1. d4 Nf6 2. Bf4 d5 3. Nc3 g6 4. b3 Bg7 5. Nb5 Na6 6. Nh3 O-O 7. g3 c6 8. Nc7
Nxc7 9. Bc1 Bg4 10. Ng5 Qc8 11. b4 Re8 12. Qd2 Ne4 13. Qd3 Nxg5 14. Ba3 Nb5 15.
Bc1 Ne4 16. a4 Bxd4 17. Rb1 Nbc3 18. Ra1 Bxf2# 0-1

[Event "Challenge"]
[Site "http://www.queenalice.com/game.php?id=331230"]
[Date "2008.1.5"]
[Round "-"]
[White "Ponce"]
[Black "Niinee"]
[Result "1-0"]
[WhiteElo "1553"]
[BlackElo "1026"]

1. e4 d6 2. d4 Nc6 3. d5 Ne5 4. Be2 Ng4 5. Bxg4 Bxg4 6. Qxg4 Nh6 7. Qh5 Ng4 8.
Qxg4 e6 9. Nc3 b6 10. Nf3 Qb8 11. O-O Qb7 12. Qh5 Qa6 13. dxe6 Kd8 14. Qxf7 Rc8
15. Qd7# 1-0

[Event "Challenge"]
[Site "http://www.queenalice.com/game.php?id=331231"]
[Date "2008.1.5"]
[Round "-"]
[White "Niinee"]
[Black "Ponce"]
[Result "0-1"]
[WhiteElo "1026"]
[BlackElo "1555"]

1. d4 c6 2. e3 Nf6 3. Be2 d5 4. Na3 b5 5. g4 e6 6. g5 Nfd7 7. g6 hxg6 8. Bg4 f5
9. Bh3 Nf6 10. Ne2 Rxh3 11. Ng1 Rh5 12. Ne2 Ne4 13. h4 Rxh4 14. Rxh4 Qxh4 15. b4
Qxf2# 0-1

[Event "Challenge"]
[Site "http://www.queenalice.com/game.php?id=331676"]
[Date "2008.1.6"]
[Round "-"]
[White "Niinee"]
[Black "Harama"]
[Result "0-1"]
[WhiteElo "1074"]
[BlackElo "1547"]

1. Nc3 e5 2. Nd5 c6 3. Nf4 e4 4. e3 Nf6 5. b4 Nd5 6. Qg4 d6 7. Qe2 g6 8. Qc4 Bg7
9. a3 Bxa1 10. Ngh3 O-O 11. Be2 b5 12. Qd4 Nd7 13. Ng5 c5 14. h4 cxb4 15. Nxh7
Kxh7 16. h5 g5 17. Ng6 Re8 18. Qxd5 fxg6 19. hxg6+ Kxg6 20. Bg4 Nb6 21. d3 Bxg4
22. dxe4 Rf8 23. Bd2 Rc8 24. Qd3 bxa3 25. Bb4 a2 26. e5+ Bf5 27. Qd2 Nc4 28. Qe2
Bb2 29. Qh5+ Kg7 30. Qh6+ Kf7 31. e6+ Bxe6 32. f4 Rh8 33. Qxg5 Rxh1+ 34. Kf2
a1=Q 35. Qh6 Rxh6 36. Kg3 Qh4+ 37. Kf3 Nd2+ 38. Ke2 Rxc2 39. Bxd6 Bc4# 0-1

[Event "Challenge"]
[Site "http://www.queenalice.com/game.php?id=331885"]
[Date "2008.1.6"]
[Round "-"]
[White "Jeh"]
[Black "Niinee"]
[Result "1-0"]
[WhiteElo "1074"]
[BlackElo "979"]

1. g4 e5 2. Nf3 d5 3. Nxe5 Bb4 4. Bg2 Nf6 5. c3 Bc5 6. g5 Ng4 7. Nxg4 Nc6 8. Ne3
Bd6 9. O-O Ne5 10. Bxd5 Be7 11. Qa4+ Kf8 12. d4 Qd6 13. Nd2 Qg6 14. f4 h6 15.
fxe5 Qxg5+ 16. Ng2 Bh3 17. Nf3 f6 18. Nxg5 Rg8 19. Bxg8 Kxg8 20. Qb3+ Kh8 21.
Ne6 b5 22. Qxb5 Rg8 23. a4 fxe5 24. Qxe5 c5 25. dxc5 Kh7 26. Bf4 a6 27. Qf5+ Kh8
28. Be5 a5 29. Qxh3 Bg5 30. Nxg5 Re8 31. Nf7+ Kg8 32. Rad1 Kh7 33. Qf5+ Kg8 34.
Qg6 Kf8 35. Bd6+ Kg8 36. Be5 Kf8 37. Qxg7+ Ke7 38. Bd6+ Ke6 39. Nf4+ Kf5 40.
Qg6# 1-0

[Event "Challenge"]
[Site "http://www.queenalice.com/game.php?id=332442"]
[Date "2008.1.7"]
[Round "-"]
[White "Niinee"]
[Black "Ponce"]
[Result "0-1"]
[WhiteElo "979"]
[BlackElo "1575"]

1. e4 e5 2. d3 Qf6 3. Be2 Bc5 4. d4 exd4 5. Bg4 d3 6. Qxd3 Qxf2+ 7. Kd1 Qxg2 8.
e5 Qxh1 9. Qf1 Qd5+ 10. Ke1 Qxe5+ 11. Kd1 Qd4+ 12. Ke1 Qxg4 13. a4 Qh4+ 14. Kd1
Nf6 15. Nf3 Qd4+ 16. Ke1 Qf2+ 17. Qxf2 Bxf2+ 18. Kxf2 O-O 19. Nc3 d5 20. Nb5 a6
21. Nxc7 Ra7 22. Ng5 Bf5 23. Be3 Ng4+ 24. Kf1 Nxe3+ 25. Ke1 Nxc2+ 26. Kf1 Nxa1
27. Nxd5 Nc6 28. h4 Be6 29. Ne7+ Nxe7 30. Kf2 h6 31. Ne4 b5 32. Kf3 Nb3 33. Kf4
f5 34. Nd6 Ng6+ 35. Kg3 f4+ 36. Kh2 f3 37. axb5 f2 38. Kg2 f1=Q+ 39. Kh2 Nxh4
40. b6 Qg2# 0-1

[Event "Challenge"]
[Site "http://www.queenalice.com/game.php?id=333071"]
[Date "2008.1.8"]
[Round "-"]
[White "Narciso"]
[Black "Niinee"]
[Result "1-0"]
[WhiteElo "1303"]
[BlackElo "1026"]

1. e4 d6 2. d3 e6 3. d4 d5 4. f3 Bb4+ 5. c3 Ba5 6. Nd2 Nh6 7. Nb3 dxe4 8. fxe4
Ng4 9. Qxg4 O-O 10. Nxa5 Bd7 11. Bg5 Qe8 12. Bh6 Na6 13. Qxg7# 1-0

[Event "Enfrente e vença"]
[Site "http://www.queenalice.com/game.php?id=333564"]
[Date "2008.1.9"]
[Round "-"]
[White "mrosan"]
[Black "Niinee"]
[Result "0-1"]
[WhiteElo "1296"]
[BlackElo "1010"]

1. f4 Nc6 2. c4 h5 3. e3 Nb4 4. Qa4 Nd5 5. cxd5 g5 6. fxg5 e5 7. Nf3 b6 8. Nxe5
Bd6 9. Bb5 Bxe5 10. O-O h4 11. Rf5 Bd6 12. Nc3 Qe7 13. Ba6 Bc5 14. Nb5 d6 15.
Nxc7+ Kf8 16. Nxa8 Bxf5 17. Be2 Qxg5 18. b4 Be4 19. Qxa7 Qxg2# 0-1

[Event "Challenge"]
[Site "http://www.queenalice.com/game.php?id=333657"]
[Date "2008.1.9"]
[Round "-"]
[White "Niinee"]
[Black "capabllanca"]
[Result "0-1"]
[WhiteElo "979"]
[BlackElo "1964"]

1. d4 Nf6 2. e4 Nxe4 3. c4 g6 4. g4 Bg7 5. Nc3 Nxc3 6. bxc3 d5 7. cxd5 Qxd5 8.
f3 O-O 9. Nh3 Bxg4 10. Nf4 Qc6 11. Bd3 Bxf3 12. Qd2 Bxh1 13. c4 Bxd4 14. Rb1 Na6
15. Nxg6 fxg6 16. Bxg6 Qe6+ 17. Kd1 Rf1+ 18. Kc2 Qxg6+ 19. Kb3 Qxb1+ 20. Ka3
Bc5+ 21. Ka4 Bc6+ 22. Ka5 Bb6# 0-1

[Event "Challenge"]
[Site "http://www.queenalice.com/game.php?id=334144"]
[Date "2008.1.10"]
[Round "-"]
[White "Narciso"]
[Black "Niinee"]
[Result "1-0"]
[WhiteElo "1386"]
[BlackElo "1080"]

1. e4 d5 2. f3 c5 3. d3 dxe4 4. fxe4 e6 5. Qf3 c4 6. b3 Bb4+ 7. Bd2 Bc5 8. Ne2
Na6 9. a3 Qe7 10. Bb4 Nxb4 11. axb4 Bxb4+ 12. Kf2 Qg5 13. Ra4 Bc5+ 14. Ke1 Qh4+
15. g3 Qg5 16. Qf4 Qg6 17. Rxc4 Bb6 18. Qd6 f5 19. Nf4 Qg5 20. Nxe6 Qe3+ 21. Be2
Nf6 22. Nxg7+ Kf7 23. Nxf5 Ba5+ 24. b4 Bb6 25. Nxe3 Rg8 26. Ng4 Ne8 27. Qd5+ Ke7
28. Qxg8 Nd6 29. Qxh7+ Ke6 30. Qh6+ Kd7 31. Ne5+ Ke7 32. Rc3 a5 33. Nc4 Ba7 34.
Qxd6+ Ke8 35. Nb6 Rb8 36. Rxc8+ Rxc8 37. Nxc8 Be3 38. Qe7# 1-0

[Event "Challenge"]
[Site "http://www.queenalice.com/game.php?id=340442"]
[Date "2008.1.22"]
[Round "-"]
[White "Negruver"]
[Black "Niinee"]
[Result "0-1"]
[WhiteElo "1284"]
[BlackElo "953"]

1. e3 d5 2. f4 e6 3. Qg4 Qf6 4. Bd3 d4 5. exd4 g5 6. fxg5 Qe7 7. Nf3 Bd7 8. Ne5
Qb4 9. c3 Qd6 10. Rf1 Bg7 0-1

[Event "Challenge"]
[Site "http://www.queenalice.com/game.php?id=347799"]
[Date "2008.2.3"]
[Round "-"]
[White "DCC15"]
[Black "Niinee"]
[Result "0-1"]
[WhiteElo "1103"]
[BlackElo "1074"]

1. e4 d6 2. d4 b5 3. Bxb5+ c6 4. Ba4 g5 5. Nf3 Qa5+ 6. Bd2 f5 7. b3 Bh6 8. Bxa5
g4 9. Nfd2 Ba6 10. exf5 Nf6 11. Bc7 Nd5 12. Na3 Nf4 13. Qxg4 Nd5 14. Qh5+ Kf8
15. Qxh6+ Kf7 16. Nf3 e6 0-1

[Event "Challenge"]
[Site "http://www.queenalice.com/game.php?id=387925"]
[Date "2008.4.15"]
[Round "-"]
[White "Niinee"]
[Black "Tobe10"]
[Result "0-1"]
[WhiteElo "1119"]
[BlackElo "1168"]

1. c4 d6 2. Na3 c5 3. d3 g5 4. Nb5 a6 5. Na3 Qa5+ 6. Bd2 Qb6 7. b3 a5 8. e4 Bg7
9. Nh3 Bxa1 10. Nxg5 Bf6 11. Qh5 Kd7 12. Nf3 Bb2 13. Nb1 h6 14. Qg4+ Kd8 15. Qh4
Nf6 16. e5 dxe5 17. d4 exd4 18. Ne5 Qe6 19. Qf4 Nc6 20. Bxa5+ Rxa5 21. Bd3 Nxe5
22. O-O Nxd3 23. Qb8 Rg8 24. b4 cxb4 25. h3 Rag5 26. Kh1 Rxg2 27. Qa7 Qxh3# 0-1